[Event "Eastern Ontario op"]
[Site "Ottawa CAN"]
[Date "2025.06.15"]
[Round "5.8"]
[White "Lattafi, Youcef"]
[Black "Gordon, David"]
[Result "1-0"]
[WhiteElo "2236"]
[BlackElo "2081"]
[WhiteFideId "-1"]
[WhiteFideId "-1"]
[PlyCount "73"]
[GameId "2190427943112346"]
[EventDate "2025.06.13"]
[EventType "swiss"]
[EventRounds "5"]
[EventCountry "CAN"]

1. e4 c5 2. Nf3 Nc6 3. d4 cxd4 4. Nxd4 e5 5. Nb5 d6 6. N1c3 a6 7. Na3 Be7 8. Nc4 b5 9. Ne3 Nf6 10. Ned5 Nxd5 11. Nxd5 O-O 12. h4 f5 13. Bd3 Be6 14. Be3 Rb8 15. c3 Na5 16. Nb4 f4 17. Bc1 Qc8 18. Qe2 Bd8 19. Nd5 Nc4 20. a4 Nb6 21. axb5 axb5 22. Nxb6 Bxb6 23. h5 Bg4 24. f3 Bd7 25. h6 g5 26. Kf1 Qc5 27. Ra3 Rf6 28. b4 Rxh6 29. Qa2+ Kg7 30. bxc5 Rxh1+ 31. Ke2 Bxc5 32. Ra7 Bxa7 33. Qxa7 Rf8 34. Qxd7+ Rf7 35. Qxd6 Rxc1 36. Qxe5+ Kg6 37. Bxb5 1-0

[Event "Eastern Ontario op"]
[Site "Ottawa CAN"]
[Date "2025.06.15"]
[Round "5.9"]
[White "Rousskikh, Maxim"]
[Black "Saine, Zachary"]
[Result "1/2-1/2"]
[WhiteElo "2211"]
[BlackElo "2143"]
[WhiteFideId "-1"]
[WhiteFideId "-1"]
[PlyCount "62"]
[GameId "2190427943112344"]
[EventDate "2025.06.13"]
[EventType "swiss"]
[EventRounds "5"]
[EventCountry "CAN"]

1. d4 Nf6 2. Bg5 e6 3. e4 h6 4. Bxf6 Qxf6 5. Nc3 Bb4 6. Qd3 d6 7. O-O-O Nc6 8. Nf3 Bd7 9. Be2 O-O-O 10. Kb1 Kb8 11. Rhf1 g5 12. g3 Ba5 13. Nb5 Bb6 14. c3 e5 15. d5 Ne7 16. Ng1 Qg6 17. Na3 f5 18. f3 fxe4 19. fxe4 g4 20. Nc4 Bb5 21. Qc2 Bxc4 22. Bxc4 Rhf8 23. Qg2 Ng8 24. Bd3 Qg7 25. Ne2 Rxf1 26. Rxf1 Rf8 27. Kc2 a5 28. Kd1 Rf6 29. Nc1 h5 30. Nb3 Qf8 31. Nd2 Rxf1+ 1/2-1/2

[Event "Eastern Ontario op"]
[Site "Ottawa CAN"]
[Date "2025.06.15"]
[Round "5.12"]
[White "Vu, Huy Minh"]
[Black "Jiang, Barron Jiyu"]
[Result "1-0"]
[WhiteElo "1960"]
[BlackElo "2137"]
[WhiteFideId "-1"]
[WhiteFideId "-1"]
[PlyCount "117"]
[GameId "2190427943112347"]
[EventDate "2025.06.13"]
[EventType "swiss"]
[EventRounds "5"]
[EventCountry "CAN"]

1. e4 c5 2. Nf3 a6 3. a4 Nc6 4. Nc3 Nf6 5. d3 d6 6. Be2 h6 7. h3 e5 8. O-O Rb8 9. Re1 Be6 10. Bf1 Be7 11. b3 O-O 12. Bb2 b5 13. Rb1 Nd4 14. axb5 axb5 15. Nxd4 cxd4 16. Ne2 b4 17. f4 Qc7 18. Qd2 Rfc8 19. Rec1 Rb6 20. Ba1 Ne8 21. Rb2 f6 22. Re1 Rc6 23. Qxb4 d5 24. Qd2 Rxc2 25. Rxc2 Qxc2 26. Qxc2 Rxc2 27. fxe5 fxe5 28. exd5 Bb4 29. Nxd4 Ra2 30. Rxe5 Bf7 31. Nc6 Bd6 32. Re1 Kf8 33. Be5 Bxd5 34. Bxd6+ Nxd6 35. Nb4 Bxb3 36. Nxa2 Bxa2 37. Kf2 Kf7 38. g4 Kf6 39. Ke3 g6 40. Kd4 h5 41. Bg2 hxg4 42. hxg4 Kg5 43. Bd5 Nb5+ 44. Kc5 Bxd5 45. Kxd5 Kxg4 46. Ke5 g5 47. Rg1+ Kh4 48. Rb1 Nc3 49. Rh1+ Kg4 50. Rg1+ Kh4 51. Kf5 Nb5 52. Rg4+ Kh3 53. Kxg5 Nd6 54. Kf4 Nf7 55. Rg3+ Kh2 56. Kf3 Ne5+ 57. Kf2 Nc6 58. Rg6 Ne5 59. Rh6# 1-0

[Event "Elite de Chambly"]
[Site "Chambly CAN"]
[Date "2025.04.30"]
[Round "1.1"]
[White "Mok, Yuen Tak"]
[Black "Lemieux, Serge"]
[Result "1-0"]
[WhiteElo "2100"]
[BlackElo "1368"]
[WhiteFideId "-1"]
[WhiteFideId "-1"]
[PlyCount "95"]
[GameId "2191150457091735"]
[EventDate "2025.04.30"]
[EventType "swiss"]
[EventRounds "7"]
[EventCountry "CAN"]

1. e4 e6 2. d4 d5 3. e5 c5 4. c3 Nc6 5. Nf3 cxd4 6. cxd4 Qb6 7. Nc3 Bd7 8. Be2 Bb4 9. O-O Bxc3 10. bxc3 Nge7 11. Bd3 h6 12. Rb1 Qc7 13. Bd2 a6 14. Nh4 g5 15. Nf3 b5 16. Kh1 Na5 17. Ng1 Nc4 18. Be1 Nc6 19. Nf3 N6a5 20. Nd2 Ke7 21. Qf3 f5 22. exf6+ Kf7 23. Qh5+ Kxf6 24. f4 g4 25. Bh4+ Kg7 26. Qg6+ Kf8 27. Qf6+ Kg8 28. Nxc4 Nxc4 29. f5 e5 30. Qg6+ Kf8 31. Qf6+ Kg8 32. Bxc4 dxc4 33. Qg6+ Kf8 34. Qf6+ Kg8 35. dxe5 Rh7 36. Bg3 Bc6 37. e6 Qb7 38. Rb2 Rf8 39. Qg6+ Rg7 40. Qxh6 Rh7 41. Qg5+ Rg7 42. Qe3 Qe7 43. Rbf2 Qg5 44. Qxg5 Rxg5 45. f6 Kh7 46. f7 Kg7 47. e7 Bxg2+ 48. Kxg2 1-0

[Event "Elite de Chambly"]
[Site "Chambly CAN"]
[Date "2025.04.30"]
[Round "1.2"]
[White "St-Laurent, Luc"]
[Black "Cossette, Richard"]
[Result "0-1"]
[WhiteElo "1332"]
[BlackElo "1790"]
[WhiteFideId "-1"]
[WhiteFideId "-1"]
[PlyCount "48"]
[GameId "2191150457091736"]
[EventDate "2025.04.30"]
[EventType "swiss"]
[EventRounds "7"]
[EventCountry "CAN"]

1. d4 d6 2. Nf3 g6 3. g3 Bg7 4. Bg2 Nf6 5. O-O O-O 6. b3 Nbd7 7. Bb2 c5 8. c4 Rb8 9. d5 b5 10. Qc2 bxc4 11. bxc4 Rxb2 12. Qxb2 Ne4 13. Nc3 Bxc3 14. Qc2 Bxa1 15. Rxa1 Nef6 16. Rb1 Nb6 17. e4 Kg7 18. Nd2 e6 19. Qc3 Kg8 20. Qa5 exd5 21. Qxa7 Nxc4 22. Nxc4 dxc4 23. e5 dxe5 24. Qxc5 Bf5 0-1

[Event "Elite de Chambly"]
[Site "Chambly CAN"]
[Date "2025.04.30"]
[Round "1.3"]
[White "Cournoyer, Raphael"]
[Black "De Guise, Ronald"]
[Result "1-0"]
[WhiteElo "1776"]
[BlackElo "1313"]
[WhiteFideId "-1"]
[WhiteFideId "-1"]
[PlyCount "67"]
[GameId "2191150457091737"]
[EventDate "2025.04.30"]
[EventType "swiss"]
[EventRounds "7"]
[EventCountry "CAN"]

1. d4 d5 2. Nf3 Nc6 3. g3 Nf6 4. Bg2 h6 5. O-O Be6 6. Bf4 Nh5 7. Bd2 Qd6 8. c3 Bf5 9. c4 dxc4 10. Bc3 e6 11. Qa4 Be4 12. Nbd2 Bxf3 13. Nxf3 a6 14. Ne5 b5 15. Qd1 Nxe5 16. Bxa8 Nd7 17. e4 c6 18. Qxh5 b4 19. Bxb4 Qxb4 20. Bxc6 Qd6 21. d5 Kd8 22. Qxf7 Ne5 23. Qb7 Qc7 24. Qxa6 Bd6 25. Qa8+ Qb8 26. Qxb8+ Bxb8 27. Bb5 Ke7 28. Kg2 g5 29. Rfc1 Rc8 30. a4 h5 31. a5 Ba7 32. Ra4 Nd3 33. Rcxc4 Rxc4 34. Rxc4 1-0

[Event "Elite de Chambly"]
[Site "Chambly CAN"]
[Date "2025.04.30"]
[Round "1.4"]
[White "Bonin, Francis"]
[Black "Cousineau, Francois"]
[Result "0-1"]
[WhiteElo "1306"]
[BlackElo "1761"]
[WhiteFideId "-1"]
[WhiteFideId "-1"]
[PlyCount "106"]
[GameId "2191150457091738"]
[EventDate "2025.04.30"]
[EventType "swiss"]
[EventRounds "7"]
[EventCountry "CAN"]

1. e4 c5 2. Nf3 Nc6 3. Bc4 Nf6 4. Nc3 e6 5. d3 d5 6. exd5 exd5 7. Bb5 Be7 8. O-O O-O 9. Bxc6 bxc6 10. Re1 Qc7 11. h3 Bf5 12. Bg5 Rfe8 13. Qd2 Rad8 14. d4 cxd4 15. Nxd4 Bg6 16. Re2 Ne4 17. Nxe4 dxe4 18. Bxe7 Rxe7 19. Qc3 Rc8 20. Rd1 h6 21. Red2 Kh7 22. Qe3 Rb8 23. Nb3 Qb6 24. c3 Re5 25. Qxb6 axb6 26. Nd4 Rc8 27. Re1 Rd5 28. Nb3 Rxd2 29. Nxd2 f5 30. Nc4 b5 31. Ne5 Rd8 32. Re2 Rd1+ 33. Kh2 Be8 34. f3 Rd5 35. f4 c5 36. c4 bxc4 37. Nxc4 Bb5 38. b3 g5 39. g4 gxf4 40. gxf5 Bxc4 41. bxc4 Rd4 42. Rc2 Kg7 43. a4 Kf6 44. a5 Kxf5 45. a6 Rd7 46. Ra2 Ra7 47. Ra5 e3 48. Rxc5+ Ke4 49. Rc6 f3 50. Kg1 Rg7+ 51. Kf1 e2+ 52. Kf2 Rg2+ 53. Ke1 Rg1+ 0-1

[Event "Elite de Chambly"]
[Site "Chambly CAN"]
[Date "2025.04.30"]
[Round "1.5"]
[White "Tse, Chun Wing"]
[Black "Hebert, Sebastien"]
[Result "1-0"]
[WhiteElo "1671"]
[BlackElo "1298"]
[WhiteFideId "-1"]
[WhiteFideId "-1"]
[PlyCount "113"]
[GameId "2191150457091739"]
[EventDate "2025.04.30"]
[EventType "swiss"]
[EventRounds "7"]
[EventCountry "CAN"]

1. d4 d5 2. c4 c6 3. Nf3 Nf6 4. Nbd2 h6 5. Qc2 e6 6. g3 Nbd7 7. Bg2 Be7 8. O-O O-O 9. b3 b6 10. Re1 c5 11. Bb2 Bb7 12. Rad1 Qc7 13. cxd5 exd5 14. dxc5 bxc5 15. b4 c4 16. a3 Rac8 17. Bc3 Rfd8 18. Nd4 a6 19. Nf5 Bf8 20. Qb2 Qb6 21. Bd4 Qc6 22. Rc1 Qe6 23. Bh3 Qc6 24. Nh4 Be7 25. Bg2 Qb5 26. Nf5 Re8 27. Nf3 Bd8 28. Nd6 Qc6 29. Nxe8 Nxe8 30. Nd2 Qb5 31. e4 Bf6 32. e5 Bg5 33. h4 Bd8 34. Bh3 Bb6 35. e6 Bxd4 36. Qxd4 fxe6 37. Bxe6+ Kh8 38. Nf3 Rd8 39. Bxd7 Qxd7 40. Ne5 Qf5 41. Re3 Nd6 42. Rf3 Qh5 43. g4 Qe8 44. h5 Rc8 45. Ng6+ Kh7 46. Rf8 Qxf8 47. Nxf8+ Rxf8 48. Qb6 Rf6 49. a4 Bc8 50. Qd4 Be6 51. Kg2 Ne4 52. f3 Ng5 53. Rc3 Kh8 54. b5 axb5 55. axb5 Rf8 56. b6 Rf7 57. Ra3 1-0

[Event "Elite de Chambly"]
[Site "Chambly CAN"]
[Date "2025.04.30"]
[Round "1.6"]
[White "Barhoumi, Amine"]
[Black "Kerhuel-Lefebvre, Stephane"]
[Result "0-1"]
[Annotator "St-Laurent,Luc"]
[WhiteElo "1292"]
[BlackElo "1665"]
[WhiteFideId "-1"]
[WhiteFideId "-1"]
[PlyCount "72"]
[GameId "2191150457091740"]
[EventDate "2025.04.30"]
[EventType "swiss"]
[EventRounds "7"]
[EventCountry "CAN"]

1. Nf3 Nf6 2. d4 e6 3. c4 d5 4. Nc3 b6 5. Bg5 Bb7 6. e3 Be7 7. cxd5 exd5 8. Bd3 h6 9. Bf4 O-O 10. O-O Nbd7 11. Rc1 Rc8 12. Qb3 c6 13. h3 Re8 14. Rfd1 Bf8 15. Ne5 Nxe5 16. Bxe5 Nd7 17. Bh2 Qg5 18. e4 Nf6 19. f4 Qh4 20. e5 Nd7 21. Bf5 Qe7 22. Re1 Rcd8 23. e6 Nf6 24. exf7+ Qxf7 25. Rxe8 Rxe8 26. Qc2 Qe7 27. Bg6 Rd8 28. Qf2 {À partir d'ici, il y a quelques erreurs de notation et des coups manquants sur les feuilles de partie des deux joueurs. J'ai tentE de reconstituer la partie tant bien que mal.} Qd7 29. f5 c5 30. Be5 Ne4 {Ce coup n'apparaît sur aucune des deux feuilles de partie. J'ai dEduit que le cavalier noir avait quittE f6 puisqu'au 35e coup la dame blanche arrive en g4.} 31. Qf4 cxd4 32. Bxd4 Bd6 33. Qh4 Qc7 34. Rf1 Bg3 35. Qg4 Bh2+ 36. Kh1 Ng3+ 0-1

[Event "Elite de Chambly"]
[Site "Chambly CAN"]
[Date "2025.04.30"]
[Round "1.7"]
[White "Milette, Patrick"]
[Black "Doyon, Martin"]
[Result "0-1"]
[WhiteElo "1665"]
[BlackElo "1291"]
[WhiteFideId "-1"]
[WhiteFideId "-1"]
[PlyCount "62"]
[GameId "2191150457091741"]
[EventDate "2025.04.30"]
[EventType "swiss"]
[EventRounds "7"]
[EventCountry "CAN"]

1. Nf3 Nf6 2. c4 g6 3. g3 Bg7 4. Bg2 d6 5. O-O O-O 6. Nc3 e5 7. d4 exd4 8. Nxd4 c6 9. Bg5 Qc7 10. Qd2 Re8 11. Rfd1 Nbd7 12. Rac1 Ne5 13. b3 Be6 14. Nxe6 fxe6 15. Qxd6 Qxd6 16. Rxd6 Nf7 17. Bxf6 Nxd6 18. Bxg7 Kxg7 19. c5 Nf5 20. e3 Rad8 21. Ne4 h5 22. Bh3 Rd3 23. Bf1 Rd7 24. Bc4 e5 25. Rc2 Rd1+ 26. Kg2 h4 27. g4 h3+ 28. Kxh3 Rh8+ 29. Kg2 Nh4+ 30. Kg3 Rg1+ 31. Kh3 Nf3# 0-1

[Event "Elite de Chambly"]
[Site "Chambly CAN"]
[Date "2025.04.30"]
[Round "1.8"]
[White "Vallee, Genevieve"]
[Black "Kelly, Patrick"]
[Result "0-1"]
[WhiteElo "1260"]
[BlackElo "1617"]
[WhiteFideId "-1"]
[WhiteFideId "-1"]
[PlyCount "46"]
[GameId "2191150457091742"]
[EventDate "2025.04.30"]
[EventType "swiss"]
[EventRounds "7"]
[EventCountry "CAN"]

1. e4 e5 2. Nf3 Nc6 3. Bc4 Nf6 4. d3 Bc5 5. O-O d6 6. Nc3 O-O 7. Bg5 h6 8. Bh4 Bg4 9. Nd5 g5 10. Bg3 Nd4 11. c3 Nxf3+ 12. gxf3 Bh5 13. h4 Nxd5 14. Bxd5 c6 15. Bb3 gxh4 16. Bh2 Qf6 17. Kg2 Kh7 18. Rg1 Rg8+ 19. Kf1 Bxf3 20. Qd2 Rg7 21. Bd1 Rag8 22. Bxf3 Rxg1+ 23. Bxg1 Qxf3 0-1

[Event "Elite de Chambly"]
[Site "Chambly CAN"]
[Date "2025.04.30"]
[Round "1.9"]
[White "Longpre, Martin"]
[Black "Tse, Edwin"]
[Result "1/2-1/2"]
[WhiteElo "1582"]
[BlackElo "1253"]
[WhiteFideId "-1"]
[WhiteFideId "-1"]
[PlyCount "153"]
[GameId "2191150457091743"]
[EventDate "2025.04.30"]
[EventType "swiss"]
[EventRounds "7"]
[EventCountry "CAN"]

1. e4 c6 2. d4 d5 3. e5 Bf5 4. Nf3 e6 5. Be2 Nd7 6. O-O Ne7 7. h4 c5 8. c3 Nc6 9. Re1 Be7 10. g3 O-O 11. Be3 cxd4 12. cxd4 Qb6 13. Qd2 Nb4 14. Rc1 Rac8 15. Nc3 a6 16. a3 Nc6 17. Na4 Qd8 18. Bd3 Bg4 19. Ne1 b5 20. Nc3 Na5 21. Qc2 Nb6 22. f3 Bf5 23. Bxf5 exf5 24. Rab1 Nac4 25. Qf2 Nxe3 26. Qxe3 Nc4 27. Qf2 b4 28. axb4 Bxb4 29. Nd3 Be7 30. Nf4 Nb6 31. Ra1 Ra8 32. Qe2 a5 33. Qb5 Nc4 34. Ncxd5 Nd2 35. Nxe7+ Qxe7 36. Qd3 Qb4 37. Rd1 Nc4 38. b3 Nb2 39. Qxf5 Nxd1 40. Rxd1 Qxb3 41. Qd3 a4 42. d5 Qxd3 43. Nxd3 Rfb8 44. d6 a3 45. Nc1 a2 46. Nxa2 Rxa2 47. f4 Rd8 48. Re1 g6 49. Re4 Kg7 50. g4 f5 51. gxf5 gxf5 52. Rd4 Re2 53. Rc4 Kh6 54. Rd4 Kh5 55. Kf1 Re4 56. Rxe4 fxe4 57. f5 Kxh4 58. e6 Rxd6 59. e7 Rf6 60. e8=Q Rxf5+ 61. Ke2 Rf4 62. Qe7+ Kg4 63. Qg7+ Kh3 64. Qxh7+ Rh4 65. Qf5+ Rg4 66. Kf2 Kh4 67. Qh7+ Kg5 68. Ke3 Rh4 69. Qe7+ Kh5 70. Qe5+ Kg6 71. Kd4 Rg4 72. Qe6+ Kh5 73. Ke3 Kg5 74. Qe5+ Kh4 75. Qf5 Kh3 76. Qxe4 Rxe4+ 77. Kxe4 1/2-1/2

[Event "Elite de Chambly"]
[Site "Chambly CAN"]
[Date "2025.04.30"]
[Round "1.10"]
[White "Coutu, Olivier"]
[Black "Boyer, Pascal"]
[Result "0-1"]
[WhiteElo "1222"]
[BlackElo "1553"]
[WhiteFideId "-1"]
[WhiteFideId "-1"]
[PlyCount "50"]
[GameId "2191150457091744"]
[EventDate "2025.04.30"]
[EventType "swiss"]
[EventRounds "7"]
[EventCountry "CAN"]

1. e4 e5 2. Nf3 Nc6 3. Bb5 d6 4. d4 exd4 5. Nxd4 Bd7 6. O-O Nf6 7. Nc3 Be7 8. Bg5 h6 9. Be3 O-O 10. Bxc6 bxc6 11. h3 Rb8 12. Rb1 c5 13. Nf3 Bc6 14. Nd5 Nxe4 15. Qd3 f5 16. c4 Qd7 17. Nd2 Ng5 18. Bxg5 Bxg5 19. Nf3 Bf6 20. Rfe1 Bxb2 21. Re2 Bf6 22. Rxb8 Rxb8 23. Nh4 Bxh4 24. g3 Bd8 25. Nf4 Be4 0-1

[Event "Elite de Chambly"]
[Site "Chambly CAN"]
[Date "2025.04.30"]
[Round "1.11"]
[White "Carrier, Tristan"]
[Black "Evenko, Kirill"]
[Result "0-1"]
[WhiteElo "1500"]
[BlackElo "1194"]
[WhiteFideId "-1"]
[WhiteFideId "-1"]
[PlyCount "77"]
[GameId "2191150457091745"]
[EventDate "2025.04.30"]
[EventType "swiss"]
[EventRounds "7"]
[EventCountry "CAN"]

1. e4 c6 2. Nc3 d5 3. d4 Nf6 4. Bd3 e6 5. e5 Nfd7 6. Nf3 c5 7. Be3 Qb6 8. dxc5 Bxc5 9. a3 Bxe3 10. fxe3 Qxe3+ 11. Qe2 Qxe2+ 12. Bxe2 Nc6 13. O-O Ndxe5 14. Bb5 Nxf3+ 15. Rxf3 O-O 16. Raf1 a6 17. Bxc6 bxc6 18. Na4 e5 19. Nb6 Rb8 20. Nxc8 Rbxc8 21. b4 e4 22. Rf4 c5 23. c4 cxb4 24. cxd5 f5 25. axb4 g6 26. g4 Rcd8 27. gxf5 Rxd5 28. fxg6 Rxf4 29. gxh7+ Kxh7 30. Rxf4 Rd4 31. Kf2 Rxb4 32. Ke3 a5 33. Rxe4 Rb3+ 34. Kd2 Kg6 35. Ra4 Rb5 36. Kd3 Kf5 37. Kd4 Re5 38. Ra3 Kf4 39. Ra4 0-1

[Event "Elite de Chambly"]
[Site "Chambly CAN"]
[Date "2025.04.30"]
[Round "1.12"]
[White "Tarte, Ariste"]
[Black "Bedard, Michel"]
[Result "0-1"]
[WhiteElo "1156"]
[BlackElo "1465"]
[WhiteFideId "-1"]
[WhiteFideId "-1"]
[PlyCount "54"]
[GameId "2191150457091746"]
[EventDate "2025.04.30"]
[EventType "swiss"]
[EventRounds "7"]
[EventCountry "CAN"]

1. e4 e5 2. Nf3 Nf6 3. Nc3 Nc6 4. a3 Bc5 5. h3 d6 6. Bc4 a6 7. d3 b5 8. Ba2 h6 9. Nd5 Bb7 10. b4 Ba7 11. Bb2 Rb8 12. Rc1 O-O 13. O-O Nxd5 14. Bxd5 Ne7 15. Ba2 Kh8 16. c4 f5 17. Re1 Ng6 18. cxb5 axb5 19. Rc2 fxe4 20. dxe4 Nh4 21. Rc3 Nxf3+ 22. gxf3 Qg5+ 23. Kf1 Qh4 24. Qe2 Qxh3+ 25. Kg1 Rf6 26. f4 Rg6+ 27. Rg3 Rxg3# 0-1

[Event "Elite de Chambly"]
[Site "Chambly CAN"]
[Date "2025.04.30"]
[Round "1.13"]
[White "Dubreuil, Raymond"]
[Black "Monette, Andre"]
[Result "1/2-1/2"]
[WhiteElo "1464"]
[BlackElo "1133"]
[WhiteFideId "-1"]
[WhiteFideId "-1"]
[PlyCount "133"]
[GameId "2191150457144995"]
[EventDate "2025.04.30"]
[EventType "swiss"]
[EventRounds "7"]
[EventCountry "CAN"]

1. Nf3 Nc6 2. g3 e5 3. d3 Be7 4. Bg2 d5 5. e4 d4 6. O-O b5 7. c3 Bf6 8. cxd4 Nxd4 9. Nc3 Nxf3+ 10. Qxf3 c6 11. Rd1 Be6 12. Be3 Qd7 13. Qe2 g5 14. Bc5 Nh6 15. Qh5 Ng8 16. f3 O-O-O 17. Rac1 h6 18. Nxb5 Bg7 19. Nxa7+ Kb7 20. Bf2 Nf6 21. Nxc6 Nxh5 22. Nxd8+ Rxd8 23. Rc3 Bf8 24. Rdc1 Rc8 25. Rxc8 Qxc8 26. Rxc8 Kxc8 27. a3 Bb3 28. Bh3+ Kc7 29. d4 f6 30. d5 Ng7 31. Bf1 Bd6 32. Bb5 h5 33. h3 f5 34. Kf1 fxe4 35. fxe4 Bc2 36. Be3 Bxe4 37. Bc6 Nf5 38. Bf2 Ne7 39. Be8 Bf3 40. Be3 Kd8 41. Bf7 g4 42. h4 Bxd5 43. Bxh5 Nf5 44. Bg5+ Be7 45. Bxe7+ Kxe7 46. Bxg4 Ne3+ 47. Kf2 Nxg4+ 48. Ke2 Kd6 49. b4 Kc6 50. a4 Kb6 51. h5 Ka6 52. Kd3 Bb3 53. Ke4 Bxa4 54. Kf5 Bd7+ 55. Ke4 Kb5 56. h6 Nxh6 57. Kxe5 Kxb4 58. Kf4 Kc4 59. Kg5 Ng4 60. Kf4 Kd4 61. Kf3 Ke5 62. Kg2 Ke4 63. Kh3 Kf3 64. Kh4 Kg2 65. Kg5 Kxg3 66. Kg6 Kh4 67. Kg7 1/2-1/2

[Event "Elite de Chambly"]
[Site "Chambly CAN"]
[Date "2025.04.30"]
[Round "1.14"]
[White "Raymond, Pierre"]
[Black "Despres, Alain"]
[Result "0-1"]
[WhiteElo "1108"]
[BlackElo "1440"]
[WhiteFideId "-1"]
[WhiteFideId "-1"]
[PlyCount "50"]
[GameId "2191150457144996"]
[EventDate "2025.04.30"]
[EventType "swiss"]
[EventRounds "7"]
[EventCountry "CAN"]

1. e4 d6 2. d4 Nf6 3. Nc3 Nbd7 4. Bc4 e5 5. Nf3 h6 6. O-O Be7 7. Nd5 Nxd5 8. c3 N5f6 9. Nh4 Nb6 10. Bb3 g5 11. Nf5 Bxf5 12. exf5 Qd7 13. a4 a5 14. Be3 Qxf5 15. Bc2 Qd7 16. Bb3 Nbd5 17. c4 Nb4 18. Rc1 Nc6 19. f3 exd4 20. Bxd4 O-O-O 21. c5 dxc5 22. Bxf6 Qxd1 23. Bxh8 Qxb3 24. Bg7 Rd2 25. Bxh6 Qxb2 0-1

[Event "Elite de Chambly"]
[Site "Chambly CAN"]
[Date "2025.04.30"]
[Round "1.15"]
[White "Taylor, Paul"]
[Black "Cote, Liam"]
[Result "1-0"]
[WhiteElo "1392"]
[BlackElo "950"]
[WhiteFideId "-1"]
[WhiteFideId "-1"]
[PlyCount "49"]
[GameId "2191150457144997"]
[EventDate "2025.04.30"]
[EventType "swiss"]
[EventRounds "7"]
[EventCountry "CAN"]

1. e4 g6 2. Nf3 Bh6 3. b3 e5 4. Nxe5 f6 5. Ng4 Bg5 6. h4 Bf4 7. Bb2 h5 8. g3 hxg4 9. gxf4 Ne7 10. Bxf6 O-O 11. e5 d6 12. Bc4+ d5 13. Bd3 Be6 14. Bxg6 Nxg6 15. Bxd8 Rxd8 16. d4 Nxf4 17. Rg1 Rf8 18. Nc3 Nh3 19. Rxg4+ Kh7 20. Rg2 Nf4 21. Rg3 Nc6 22. Qd2 Nh5 23. Rg1 Bh3 24. Qg5 Nxe5 25. Qxh5# 1-0

[Event "Elite de Chambly"]
[Site "Chambly CAN"]
[Date "2025.04.30"]
[Round "1.16"]
[White "Capotorto, Michele"]
[Black "Morasse, Daniel"]
[Result "0-1"]
[WhiteElo "934"]
[BlackElo "1392"]
[WhiteFideId "-1"]
[WhiteFideId "-1"]
[PlyCount "92"]
[GameId "2191150457149094"]
[EventDate "2025.04.30"]
[EventType "swiss"]
[EventRounds "7"]
[EventCountry "CAN"]

1. e4 e5 2. Nf3 d6 3. d4 exd4 4. Nxd4 Nf6 5. Bg5 Be7 6. Bc4 O-O 7. O-O Bg4 8. f3 Bd7 9. Nd2 Nc6 10. c3 Ne5 11. Qe1 Nxc4 12. Nxc4 c5 13. Ne2 b5 14. Ne3 h6 15. Bxf6 Bxf6 16. Qg3 Bc6 17. Nf5 Kh7 18. Rad1 Qc7 19. Nf4 Rad8 20. Nh5 Rg8 21. Rde1 b4 22. a3 bxc3 23. bxc3 Bb5 24. Rf2 Bxc3 25. Rb1 Ba6 26. Rc2 Ba5 27. f4 f6 28. h4 Qf7 29. Qf3 Bb7 30. Kh2 g6 31. Nhg3 gxf5 32. Nxf5 Rg6 33. g4 Bb6 34. h5 Rgg8 35. Kh3 Qe6 36. g5 Qxf5+ 37. Qg4 Qxg4+ 38. Kxg4 Bxe4 39. g6+ Kg7 40. Rbb2 Bxc2 41. Rxc2 d5 42. Re2 Rd7 43. Kf5 d4 44. Ke6 Re8+ 45. Kxd7 Rxe2 46. Kc6 d3 0-1

[Event "Elite de Chambly"]
[Site "Chambly CAN"]
[Date "2025.05.07"]
[Round "2.1"]
[White "Bedard, Michel"]
[Black "Mok, Yuen Tak"]
[Result "0-1"]
[WhiteElo "1465"]
[BlackElo "2100"]
[WhiteFideId "-1"]
[WhiteFideId "-1"]
[PlyCount "96"]
[GameId "2191150457153193"]
[EventDate "2025.04.30"]
[EventType "swiss"]
[EventRounds "7"]
[EventCountry "CAN"]

1. d4 d5 2. Nc3 Nf6 3. Bf4 e6 4. e3 Bb4 5. Nge2 O-O 6. a3 Be7 7. Ng3 c5 8. Nb5 a6 9. Nc7 Ra7 10. Nxd5 Nxd5 11. Bxb8 Ra8 12. Bf4 g5 13. Nh5 Nxf4 14. exf4 Qxd4 15. Qxd4 cxd4 16. fxg5 Bxg5 17. h4 Be7 18. O-O-O e5 19. Be2 Be6 20. g4 Rac8 21. Ng3 Rfd8 22. f3 Rd7 23. Nf5 Bf8 24. Bd3 Bd5 25. Rhf1 Rc5 26. g5 Rdc7 27. Rd2 b5 28. Rg2 Kh8 29. Ng3 R5c6 30. Nh5 Bc4 31. Bxc4 bxc4 32. a4 Rb7 33. Re1 Rcb6 34. Rxe5 Rxb2 35. Re8 Kg8 36. Nf6+ Kg7 37. Nh5+ Kg6 38. Ng3 Rb1+ 39. Kd2 Bb4+ 40. Ke2 Re1+ 41. Kf2 Rxe8 42. h5+ Kxg5 43. Ne4+ Kf5 44. Rg5+ Ke6 45. f4 f5 46. Ng3 Rf7 47. Ne2 Kd5 48. Ng3 Be1+ 0-1

[Event "Elite de Chambly"]
[Site "Chambly CAN"]
[Date "2025.05.07"]
[Round "2.2"]
[White "Cossette, Richard"]
[Black "Despres, Alain"]
[Result "1-0"]
[WhiteElo "1790"]
[BlackElo "1440"]
[WhiteFideId "-1"]
[WhiteFideId "-1"]
[PlyCount "79"]
[GameId "2191150457153194"]
[EventDate "2025.04.30"]
[EventType "swiss"]
[EventRounds "7"]
[EventCountry "CAN"]

1. e4 d6 2. d4 Nf6 3. Nc3 Nbd7 4. Be3 e5 5. Nf3 Be7 6. Bc4 O-O 7. O-O c6 8. dxe5 Nxe5 9. Nxe5 dxe5 10. a3 b5 11. Bb3 Qc7 12. f3 Rd8 13. Qe2 Bb7 14. Qf2 Ba6 15. Rfd1 Rd7 16. Rxd7 Nxd7 17. Rd1 Nf6 18. h3 b4 19. axb4 Bxb4 20. Na4 Bb5 21. Nc5 a5 22. c3 Bxc5 23. Bxc5 Nd7 24. Be3 a4 25. Ba2 Rd8 26. Qd2 Kf8 27. c4 Ba6 28. Qb4+ Ke8 29. Qxa4 Bb7 30. c5 Nf8 31. Rxd8+ Qxd8 32. Qb3 Qd7 33. f4 exf4 34. Bxf4 Ne6 35. Bd6 Nd4 36. Qd3 Nb5 37. e5 Nxd6 38. exd6 Bc8 39. Qxh7 Qa7 40. Qg8+ 1-0

[Event "Elite de Chambly"]
[Site "Chambly CAN"]
[Date "2025.05.07"]
[Round "2.3"]
[White "Morasse, Daniel"]
[Black "Cournoyer, Raphael"]
[Result "0-1"]
[WhiteElo "1392"]
[BlackElo "1776"]
[WhiteFideId "-1"]
[WhiteFideId "-1"]
[PlyCount "132"]
[GameId "2191150457153195"]
[EventDate "2025.04.30"]
[EventType "swiss"]
[EventRounds "7"]
[EventCountry "CAN"]

1. e4 c6 2. d4 d5 3. Nc3 dxe4 4. Nxe4 Nf6 5. Nxf6+ exf6 6. Nf3 g6 7. Be2 Bg7 8. O-O O-O 9. c3 Qb6 10. b3 Bg4 11. Be3 Qc7 12. h3 Be6 13. Qc1 Re8 14. Rb1 Nd7 15. Bf4 Qa5 16. a4 Bxh3 17. Re1 Bg4 18. Qd2 Qh5 19. Rb2 Re4 20. Nh2 Bxe2 21. Rxe2 Rae8 22. Rxe4 Rxe4 23. Be3 Nb6 24. Nf1 Qd5 25. Ng3 Re8 26. c4 Qd8 27. a5 Nc8 28. Rb1 b6 29. axb6 axb6 30. Qc2 f5 31. Rd1 Qc7 32. Qc1 h5 33. Bf4 Qd7 34. d5 c5 35. Nh1 Bd4 36. g3 Nd6 37. Re1 Ne4 38. Kg2 Ra8 39. Qc2 Nc3 40. Be3 Ra2 41. Qd3 Bxe3 42. Qxe3 Ne4 43. Kg1 Qd6 44. Qf4 Qxf4 45. gxf4 Kf8 46. f3 Nd2 47. Re3 Ra8 48. Nf2 Re8 49. Rd3 Nb1 50. Nh3 Na3 51. Ng5 Nc2 52. d6 Rd8 53. Nh7+ Kg7 54. Ng5 Nd4 55. Re3 Rxd6 56. Re7 Rf6 57. Re8 Nxb3 58. Re7 Nd2 59. Kf2 Nxc4 60. Ke2 Nd6 61. Kd3 Nb5 62. Kc4 Nd4 63. Kd5 Nc6 64. Rb7 Na5 65. Ra7 c4 66. Kd4 Nc6+ 0-1